000 00905nam a22002177a 4500
005 20251128155934.0
010 _aB-770643-656 ENG-147153 BACEN25
020 _a9789392733963
_c895.00
035 _aB-770643-656
035 _aEN-130685
037 _bTransworld Publishers
037 _bDBAD
_aDPL
082 _a650.11
100 _dKrishna Kumar Singh
_985812
245 _aImprove your time management /
_cby Krishna Kumar Singh
260 _a New Delhi
_bTransworld Publishers
_c2024
270 _aW-116, Second Floor, Greater Kailash-1,
_bNew Delhi
_e110048
300 _axviii,220 p. :
_c23cm (Hb)
_bill (Black & White)
942 _2ddc
_cEN
_h650.11
_mKRI
999 _c210190
_d210190